| 000 | 00773nam a22002297a 4500 | ||
|---|---|---|---|
| 999 |
_c17866 _d17866 |
||
| 003 | AR-CdUCM | ||
| 008 | 190305b ||||| |||| 00| 0 spa d | ||
| 040 |
_aMUNICIPALIDAD PROVINCIAL DEL CUSCO _cBIBLIOTECA MUNICIPAL DEL CUSCO |
||
| 082 |
_a345.85 / _bM321 |
||
| 100 |
_aMarcone M., Juan _938068 |
||
| 245 | _aDefensas penales / | ||
| 260 | _bCasa editorial cultural, | ||
| 300 |
_a308 páginas ; _c20 cm. |
||
| 505 | _aContenido : Caso Anderson o la franela verde -- Victima agresiva -- El alcalde estaba loco -- El pariente del juez... | ||
| 650 |
_aDerecho Penal _95831 |
||
| 650 |
_aDelitos Políticos _99134 |
||
| 650 |
_aPericias _938069 |
||
| 650 |
_aDelito putativo _938070 |
||
| 700 |
_aBarros Conti, Cesar _938071 |
||
| 942 |
_2ddc _cLIBROS |
||
| 945 | _arcc | ||